Knižné publikácie z deblokácie dlhu Ruskej federácie

Knižné publikácie v ruskom jazyku, ktoré získala Slovenská ekonomická knižnica EU v Bratislave v rámci deblokácie dlhu Ruskej federácie voči Slovenskej republike. Dostupnosť publikácií na online katalógu knižnice a v študovni knižnice. Zoznam knižných publikácií.

Saved in:
Bibliographic Details
Main Author: Nováková, Gabriela
Format: Book Chapter
Language:Slovak
Subjects:
Tags: Add Tag
No Tags, Be the first to tag this record!

MARC

LEADER 00000naa$a2200000$$$4500
001 0070761
005 20230912073636.9
041 0 |a slo 
044 |a SK 
245 1 0 |a Knižné publikácie z deblokácie dlhu Ruskej federácie  |c Gabriela Nováková 
520 |a Knižné publikácie v ruskom jazyku, ktoré získala Slovenská ekonomická knižnica EU v Bratislave v rámci deblokácie dlhu Ruskej federácie voči Slovenskej republike. Dostupnosť publikácií na online katalógu knižnice a v študovni knižnice. Zoznam knižných publikácií. 
610 2 0 |a knižnice 
610 2 0 |a knihy 
610 2 0 |a Rusko 
100 1 |a Nováková, Gabriela